000
00256nam a2200109Ia 4500
008
190216s9999||||xx |||||||||||||| ||und||
100
_a
Mansingh
245
0
_a
Hindi-Hindi Ka Vakyatimak Vyakaran
260
_b
Sahithya Sadan
650
_a
Hindi
942
_c
BK
999
_c
15494
_d
15494